000 01261nam a2200325 i 4500
003 EG-GICUC
005 20260121101347.0
008 251125s1997 ua ||||fr|||| 00| 0 ara d
017 _a٩٧/٤٤٩٤
020 _a977-04-1997-4
040 _a EG-GICUC
_bara
_c EG-GICUC
_d EG-GICUC
_erda
041 0 _aara
082 0 4 _221
_a345.45
_bم ص . م
092 0 4 _221
099 _aLaw1 07 345.45م ص . م 1997
100 0 _aمصطفى كميل أبو حديد
_eمؤلف.
245 1 2 _aالموجز في التعريف بنظام العاملين المدنيين بالدولة :
_bالصادر بالقانون رقم ٤٧ لسنة ١٩٧٨ /
_cمصطفى كميل أبو حديد.
264 1 _aالقاهرة :
_bدار النهضة العربية،
_c1997.
300 _a528 ؛صفحة
_c24 سم.
336 _2rda content
_atext
337 _2rda media
_aComputer
338 _2rda carrier
_aOnline Resource
504 _aيشتمل على إرجاعات ببليوجرافية.
546 _aالنص باللغة العربية
650 1 4 _aتصحيح أوضاع العاملين
650 1 4 _aالقانون الإداري
856 4 0 _uhttps://fll.law.cu.edu.eg/fulltext/bks/B07-01108.pdf
905 _a32
_eYara
942 _2ddc
_cBK
_e21
_n0
999 _c46165
_d46165